[Event "Cannes op"]
[Site "Cannes"]
[Date "1995.??.??"]
[Round "8"]
[White "Jelen, Igor"]
[Black "Santo Roman, Marc"]
[Result "1/2-1/2"]
[WhiteElo "2360"]
[BlackElo "2465"]

1.d4 f5 2.c4 Nf6 3.g3 g6 4.Bg2 Bg7 5.Nf3 O-O 6.O-O d6 7.Nc3 Qe8 8.d5 a5 9.Ne1 Na6
10.Nd3 Rb8 11.Re1 Qf7 12.Rb1 Ne4 13.Nxe4 fxe4 14.Bxe4 Nc5 15.f3 Nxe4 16.fxe4 Bd4+
17.e3 Bf6 18.b3 e5 19.Qf3 h5 20.Nf2 Qh7 21.Rb2 Bd7 22.Qg2 Rf7 23.Kf1 h4 24.Ke2 h3
25.Qg1 Rbf8 26.Kd3 Be7 27.Nd1 Bg4 28.Rf2 Bf3 29.Nc3 g5 30.Rff1 g4 31.a4 Rf6
32.Bb2 R6f7 33.Rc1 Bg5 34.Rce1 Rf6 35.Ba3 b6 36.Bc1 R8f7 37.Bd2 Qh6 38.Rf2 Qf8
39.Ref1 Bg2 40.Rxf6 Bxf1+ 41.Qxf1 Rxf6 42.Qe2 Rf3 43.Nd1 Kh7 44.Be1 Kg6 45.Bf2 Kh5
46.Qd2 Rf7 47.Qe2 Qh6 48.Be1 Qg6 49.Nf2 Bxe3 50.Kxe3 Rf3+ 51.Kd2 Qg5+ 52.Kc2 Qe3
53.Qxe3 Rxe3 54.Kd2 Rxb3 55.Nd3 Ra3 56.Kc2 Rxa4 57.Kb3 Ra1 58.Kb2 Ra4 59.Kb3 Ra1  1/2-1/2

[Event "Cappelle op"]
[Site "Cappelle la Grande"]
[Date "1995.??.??"]
[Round "1"]
[White "Budde, Vladimir"]
[Black "Sokolovs, Andrei"]
[Result "0-1"]
[WhiteElo "2330"]
[BlackElo "2520"]

1.d4 g6 2.c4 Bg7 3.Nf3 f5 4.g3 Nf6 5.Bg2 O-O 6.O-O d6 7.Nc3 c6 8.d5 Qe8 9.Rb1 Na6
10.b4 Bd7 11.dxc6 bxc6 12.b5 cxb5 13.cxb5 Nc5 14.Bb2 Rb8 15.Nd4 Nfe4 16.Nxe4 fxe4
17.Ba3 Ne6 18.Nxe6 Bxe6 19.Qd2 Rxb5 20.Bxe4 Rxb1 21.Rxb1 Qf7 22.f4 Bxa2 23.Rb7 Qe6
24.Rxa7 Qxe4 25.Qxa2+ e6 26.Rxg7+ Kxg7 27.Qb2+ Kf7 28.Bxd6 Rd8 29.Qe5 Qxe5
30.Bxe5 h6 31.Kf2 Rd1 32.Kf3 Rh1 33.Kg2 Rb1 34.g4 Rb3 35.Bd4 h5 36.h3 Ra3
37.e3 h4 38.Bb6 Ra2+ 39.Kg1 Re2 40.Bd8 Rxe3 41.Kg2 Re2+ 42.Kg1 Re4 43.Bg5 Ra4
44.Kg2 Ke8 45.Kf3 Ra3+ 46.Kg2 Ra2+ 47.Kf3 Rh2 48.Bxh4 Rxh3+ 49.Bg3 Ke7 50.Kg2 Rh8
51.Bf2 Kd6 52.Bd4 Rh7 53.Kg3 Kd5 54.Be3 Ke4 55.Bc5 Rd7 56.Bf8 Rd3+ 57.Kh4 Kxf4
58.Bh6+ Kf3 59.Kg5 e5  0-1

[Event "Cappelle op"]
[Site "Cappelle la Grande"]
[Date "1995.??.??"]
[Round "4"]
[White "Lisenko, Alexander V"]
[Black "Gendre, Kossia"]
[Result "1-0"]
[WhiteElo "2390"]
[BlackElo "2135"]

1.c4 f5 2.Nf3 Nf6 3.g3 g6 4.Bg2 Bg7 5.O-O O-O 6.d4 d6 7.Nc3 Nc6 8.d5 Na5
9.Qd3 e5 10.dxe6 Bxe6 11.b3 Kh8 12.Nd4 Bg8 13.Bd2 Qd7 14.Rae1 Nc6 15.Nxc6 bxc6
16.e4 d5 17.exd5 cxd5 18.cxd5 Rad8 19.Be3 Nxd5 20.Nxd5 Bxd5 21.Bxa7 Qf7 22.Bxd5 Rxd5
23.Qc4 Qd7 24.Bc5 Rf7 25.Be3 h6 26.Kg2 g5 27.Rd1 c6 28.f4 Rxd1 29.Rxd1 Qxd1
30.Qxf7 Qe2+ 31.Bf2 g4 32.Qc4 Qf3+ 33.Kg1 Qd1+ 34.Qf1 Qd2 35.a4 Qc2 36.a5 Qxb3
37.a6 Qa2 38.a7 Bc3 39.Qd1 Bf6 40.Bd4 Kg7 41.Bxf6+ Kxf6 42.Qd8+ Kg7 43.a8=Q  1-0

[Event "Castellar op"]
[Site "Castellar"]
[Date "1995.??.??"]
[Round "?"]
[White "Flear, Glenn C"]
[Black "Gual Pascual, Antonio"]
[Result "1-0"]
[WhiteElo "2495"]
[BlackElo "2350"]

1.d4 f5 2.g3 Nf6 3.Bg2 g6 4.Nf3 Bg7 5.O-O O-O 6.c4 d6 7.Nc3 c6 8.d5 e5 9.dxe6 Bxe6
10.Qd3 Na6 11.Bf4 Ne4 12.Nxe4 fxe4 13.Qxe4 Nc5 14.Qc2 Bf5 15.Qd2 Ne4 16.Qe3 Re8
17.Nd4 Nxg3 18.Qxg3 Bxd4 19.Rad1 Bxb2 20.Rxd6 Qe7 21.e4 Be6 22.h4 Bg7 23.h5 Qf7
24.hxg6 hxg6 25.e5 Bf5 26.Rfd1 Rf8 27.c5 Rae8 28.R1d4 Be6 29.Bf1 Bxa2 30.Rxg6 Re6
31.Rg4 Bd5 32.Bd3 Qc7 33.Qh3 Rf7 34.Bg6 Rxg6 35.Rxg6 Qa5 36.Be3 Qa2 37.Qc8+  1-0

[Event "Castellar op"]
[Site "Castellar"]
[Date "1995.??.??"]
[Round "?"]
[White "Comas Fabrego, Luis"]
[Black "Alias Ginel, Oscar"]
[Result "1-0"]
[WhiteElo "2490"]
[BlackElo "2270"]

1.d4 f5 2.g3 Nf6 3.Bg2 g6 4.Nf3 Bg7 5.O-O O-O 6.c4 c6 7.Nc3 d5 8.Ne5 e6 9.Bg5 Qe8
10.Qb3 Nbd7 11.Bxf6 Bxf6 12.Nxd7 Bxd7 13.e3 Qf7 14.cxd5 cxd5 15.Nxd5 Bg5
16.Nb4 Rac8 17.Nd3 Rc7 18.Rfc1 Rfc8 19.Bxb7 Rxc1+ 20.Rxc1 Rb8 21.Ne5 Qe8
22.Rc7 Ba4 23.Qc4 Bb5 24.Qc5 Bd8 25.Bc6 Bxc6 26.Rxc6 Rxb2 27.Rc8 Kg7 28.Nc6 Rb6
29.Rxd8  1-0

[Event "Ceske Budejovice op"]
[Site "Ceske Budejovice"]
[Date "1995.??.??"]
[Round "8"]
[White "Haba, Petr"]
[Black "Potapov, Alexander"]
[Result "1/2-1/2"]
[WhiteElo "2410"]
[BlackElo "2375"]

1.d4 f5 2.g3 Nf6 3.Bg2 g6 4.Nf3 Bg7 5.O-O O-O 6.c4 d6 7.Nc3 Qe8 8.d5 a5 9.Nd4 Na6
10.e4 fxe4 11.Nxe4 Nxe4 12.Bxe4 Bh3 13.Bg2 Bxg2 14.Kxg2 Nc5 15.Be3 c6 16.Nf3 Bxb2
17.Rb1 Bf6 18.Bxc5 dxc5 19.Rxb7 Rd8 20.Rc7 cxd5 21.cxd5 Rc8 22.Rxc8 Qxc8
23.Qa4 c4 24.Nd2 c3 25.Ne4 Bg7 26.Rc1 Qf5 27.Kg1 Qxd5 28.Nxc3 Qc5 29.Qc2 Rxf2
30.Qb3+ Rf7+ 31.Kg2 e6 32.Qxe6 Qf2+ 33.Kh3 Qf5+ 34.Qxf5 Rxf5 35.Ne4 Bf8 36.Kg2 a4
37.h4 a3 38.Rc8 h6 39.Rc6 Kg7 40.Rb6 Be7 41.Rb1 Kf8 42.Rb6 Kg7 43.Rb7 Re5
44.Kf3 Kf7 45.Nf2 Rc5 46.Nd3 Rc2 47.Ke4 Re2+ 48.Kd5 Rd2 49.Ke4 Ke6 50.Nf4+ Kd6
51.Nxg6 Bd8 52.Ra7 Rxa2 53.Ne5 Re2+ 54.Kf3 Rxe5 55.Rxa3 Bb6 56.Ra8 Ke7 57.Rh8 Re3+
58.Kf4 Rb3 59.g4 Kf7 60.g5 Be3+ 61.Ke4 hxg5 62.hxg5 Bxg5 63.Rc8 Bf6 64.Rc7+ Kg6
65.Rc6 Rb4+ 66.Kd5 Kf5 67.Rc2 Rd4+ 68.Kc5 Be5 69.Rc4 Rd8 70.Kb5 Rb8+ 71.Kc5 Ke6
72.Kc6 Rd8 73.Kc5 Rd5+ 74.Kc6 Bd4 75.Kc7 Ke7 76.Kc6 Rd6+ 77.Kb5 Kd7 78.Ka4 Ke6
79.Kb3 Kd5 80.Rc8 Rb6+ 81.Kc2 Ke4 82.Re8+ Be5 83.Re7 Rb2+ 84.Kc1 Rh2 85.Re8 Rg2
86.Kd1 Ra2 87.Ke1 Ra5 88.Ke2 Ra2+ 89.Ke1 Kf4 90.Kd1 Kf5 91.Ke1 Ke4 92.Re7 Kd5
93.Re8 Bd4 94.Kf1 Rf2+ 95.Ke1 Rg2 96.Kf1 Rf2+ 97.Ke1 Kc4 98.Re2 Rf8 99.Rc2+ Kd3
100.Rd2+ Kc3 101.Rg2 Kd3 102.Rd2+ Ke4 103.Ke2 Be3 104.Rc2 Rh8 105.Rc4+ Bd4
106.Rc2 Rh3 107.Kd1 Be3 108.Ke2 Kd4 109.Kd1 Kd3 110.Rd2+ Ke4 111.Re2 Rh8
112.Rc2 Kf3  1/2-1/2

[Event "Copenhagen op17"]
[Site "Copenhagen"]
[Date "1995.??.??"]
[Round "2"]
[White "Lyrberg, Patrik"]
[Black "Lutz, Christopher"]
[Result "0-1"]
[WhiteElo "2415"]
[BlackElo "2560"]

1.d4 f5 2.Nf3 Nf6 3.g3 g6 4.Bg2 Bg7 5.c4 O-O 6.O-O d6 7.Nc3 Qe8 8.c5 dxc5
9.Qb3+ Kh8 10.d5 e5 11.dxe6 Qxe6 12.Be3 Na6 13.Qxe6 Bxe6 14.Ng5 Bc8 15.Ne6 Bxe6
16.Bxb7 Bc4 17.Bxa8 Rxa8 18.Rac1 Nd5 19.Nxd5 Bxd5 20.b3 Bf8 21.Rfd1 c6 22.f3 Re8
23.Kf2 Kg8 24.h3 Be7 25.Bf4 Bf6 26.Bd2 Nb4 27.Bc3 Bg5 28.f4 Bd8 29.Rd2 Kf7
30.Be5 Bb6 31.Bd6 Na6 32.Kf1 Rd8  0-1

[Event "Copenhagen3"]
[Site "Copenhagen"]
[Date "1995.??.??"]
[Round "6"]
[White "Henrichsen, Jens"]
[Black "Olsen, Heini"]
[Result "0-1"]
[WhiteElo "2100"]
[BlackElo "2360"]

1.d4 f5 2.g3 Nf6 3.Bg2 g6 4.Nf3 Bg7 5.O-O O-O 6.c4 d6 7.Nc3 c6 8.d5 e5 9.dxe6 Bxe6
10.Qd3 Na6 11.b3 Nc5 12.Qc2 a5 13.Bb2 Qe7 14.Rad1 Rad8 15.Ne1 g5 16.Nd3 Nce4
17.f3 Nxc3 18.Bxc3 a4 19.bxa4 Qf7 20.e4 fxe4 21.fxe4 Qh5 22.Bf3 Qg6 23.Rde1 Nd7
24.Bxg7 Qxg7 25.e5 dxe5 26.Qb2 Bxc4 27.Qc3 Bxa2 28.Nxe5 Rde8 29.Qd2 Rxe5
30.Qxa2+ Kh8 31.Bg2 Rxe1 32.Rxe1 Qd4+ 33.Kh1 Ne5 34.Qa3 c5 35.Bxb7 Nd3 36.Qa1 Nxe1
37.Qxe1 Kg7 38.Qe7+ Rf7 39.Qxg5+ Kf8 40.Qh6+ Ke7 41.Qg5+ Rf6 42.Qg7+ Kd6
43.Qxh7 Qd1+ 44.Kg2 Qf1+  0-1

[Event "ESP-chT"]
[Site "Cordoba"]
[Date "1995.??.??"]
[Round "8"]
[White "Cacho Reigadas, Sergio"]
[Black "De la Riva Aguado, Oscar"]
[Result "1/2-1/2"]
[WhiteElo "2400"]
[BlackElo "2430"]

1.d4 f5 2.Nf3 Nf6 3.g3 g6 4.Bg2 Bg7 5.O-O O-O 6.c4 d6 7.Nc3 Nc6 8.d5 Ne5
9.Nxe5 dxe5 10.Qb3 Kh8 11.c5 a6 12.Rd1 h6 13.Bd2 Qe8 14.Qa4 Rb8 15.Qxe8 Rxe8
16.Be1 Rd8 17.Rac1 Bf8 18.e4 e6 19.dxe6 Rxd1 20.Nxd1 Nxe4 21.Bxe4 fxe4 22.Ba5 Bxe6
23.Bxc7 Rc8 24.Bxe5+ Kg8 25.b4 Bxa2 26.Nc3 Re8 27.Nxa2 Rxe5 28.c6 bxc6 29.Rxc6 a5
30.bxa5 Rxa5 31.Nc3 Ra1+ 32.Kg2 Rc1 33.Rxg6+ Kh7 34.Rf6 Bg7 35.Nxe4 Bxf6
36.Nxf6+ Kg6 37.Nd5  1/2-1/2

[Event "CZE-chT 9495"]
[Site "?"]
[Date "1995.??.??"]
[Round "4"]
[White "Chloupek, Stanislav"]
[Black "Tobyas, Miroslav"]
[Result "1/2-1/2"]
[WhiteElo "2310"]
[BlackElo "2320"]

1.d4 f5 2.g3 Nf6 3.Bg2 g6 4.Nf3 Bg7 5.O-O O-O 6.c4 d6 7.b3 Qe8 8.Bb2 e5 9.dxe5 Nfd7
10.Nd4 Nxe5 11.Qd2 Na6 12.Nc3 Nc5 13.Rad1 a5 14.Nf3 Ne6 15.Qc2 g5 16.Nd5 Qf7
17.Bc3 Nxf3+ 18.Bxf3 Bd7 19.Bxg7 Qxg7 20.Qc3 Bc6 21.Qxg7+ Kxg7 22.Bg2 Rae8
23.Rd2 Rf7 24.Bf3 Kg6 25.Bg2 f4 26.Be4+ Kg7 27.Bf3 Kg6 28.Be4+ Kg7 29.Bf3 Kg6
30.Rdd1 Nc5 31.Rd4 Ne6 32.Rdd1 Nc5 33.gxf4 Bxd5 34.Bxd5 Rxf4 35.e3 Rg4+ 36.Kh1 Kf6
37.Rg1 Rxg1+ 38.Kxg1 Ke5 39.Kf1 Rf8 40.Ke2 c6 41.Bg2 Rf6 42.h3 Rh6 43.Rd4 Rg6
44.Bf3  1/2-1/2

[Event "CZE-chT1c 9495"]
[Site "?"]
[Date "1995.??.??"]
[Round "11"]
[White "Frolik, Martin"]
[Black "Jankovec, Ivan"]
[Result "1/2-1/2"]
[WhiteElo "2240"]
[BlackElo "2275"]

1.d4 f5 2.Nf3 Nf6 3.g3 g6 4.Bg2 Bg7 5.O-O O-O 6.c4 d6 7.Nc3 c6 8.b3 a5 9.Bb2 Na6
10.e3 Qc7 11.Rc1 Bd7 12.Ne1 Rad8 13.Rc2 Qb8 14.Rd2 Qc7 15.a3 Bc8 16.Nc2 e5
17.b4 Nb8 18.Na1 axb4 19.axb4 Be6 20.d5 cxd5 21.cxd5 Bf7 22.Nb3 Na6 23.b5 Nc5
24.Nxc5 Qxc5 25.Qb3 Rc8 26.Rc1 Rfd8 27.Ba3 Qa7 28.b6 Qb8 29.Nb5 Rxc1+ 30.Bxc1 Ne8
31.Ba3 Bf8 32.Rc2 Rc8 33.Rxc8 Qxc8 34.Qc3 Qxc3 35.Nxc3 Nf6 36.e4 fxe4 37.Nxe4 Nxe4
38.Bxe4 Be7 39.Bb4 Kf8 40.Kf1 Ke8 41.Ke2 Kd8 42.Kd3 Be8 43.h4 Bd7 44.Ke3 Bf5
45.Bg2 Bf8 46.f3 Bh6+ 47.Ke2 Bf8 48.Bd2 Be7 49.Bb4 Bf8 50.Kf2 Be7 51.Bd2 Kc8
52.Kg1 Kd8 53.Kh2 Ke8 54.Bf1 Bd7 55.Be1 Kd8 56.g4 Ke8 57.Bd3 Bd8 58.Bf2 Kf7
59.Kg3 h6 60.Be3 g5 61.hxg5 hxg5 62.Be4 Be7 63.Bd2 Ke8  1/2-1/2

[Event "Dortmund op"]
[Site "Dortmund"]
[Date "1995.??.??"]
[Round "7"]
[White "Petrosian, Arshak B"]
[Black "Hetey, Laszlo"]
[Result "1-0"]
[WhiteElo "2435"]
[BlackElo "2290"]

1.d4 f5 2.Nf3 Nf6 3.g3 g6 4.Bg2 Bg7 5.c4 O-O 6.O-O d6 7.Nc3 Qe8 8.d5 Na6
9.Be3 Bd7 10.Qd2 c5 11.Bh6 Nc7 12.a4 b6 13.Bxg7 Kxg7 14.Rfe1 h6 15.e4 fxe4
16.Nxe4 Qf7 17.Qc3 a6 18.Nfd2 Bf5 19.Nxf6 exf6 20.b4 Rab8 21.a5 b5 22.bxc5 dxc5
23.Qe3 bxc4 24.Nxc4 Nxd5 25.Qxc5 Rb5 26.Qa3 Nb4 27.Nd6 Nc2 28.Qc3 Qd7 29.Nxf5+ Qxf5
30.Re7+ Rf7 31.Qc7 Rxe7 32.Qxe7+ Kg8 33.Rd1 Rb8 34.Be4  1-0

[Event "Dresden op"]
[Site "Dresden"]
[Date "1995.??.??"]
[Round "?"]
[White "Naumann, Alexander"]
[Black "Mowsziszian, Karen"]
[Result "0-1"]
[WhiteElo "2360"]
[BlackElo "2440"]

1.d4 f5 2.Nf3 Nf6 3.g3 g6 4.Bg2 Bg7 5.O-O O-O 6.c4 d6 7.Nc3 Nc6 8.d5 Ne5
9.Nxe5 dxe5 10.Qb3 h6 11.Rd1 Kh8 12.c5 g5 13.Bd2 a6 14.Na4 Qe8 15.Ba5 Bd7
16.Nc3 b6 17.cxb6 cxb6 18.Qxb6 e4 19.Qc5 Rc8 20.Qa7 h5 21.f3 h4 22.fxe4 hxg3
23.hxg3 f4 24.gxf4 gxf4 25.Rd3 Ng4 26.Nd1 Ne5 27.Bc3 Nxd3 28.Bxg7+ Kxg7 29.Qd4+ Rf6
30.Qxd3 Qh5 31.Nf2 Bb5 32.Qh3 Qxh3 33.Bxh3 Rc2 34.Bg4 Bxe2 35.Bxe2 Rxe2 36.b4 f3  0-1

[Event "Nord Cup 1st"]
[Site "Duesseldorf"]
[Date "1995.??.??"]
[Round "4"]
[White "Sukharisingh, Ralf"]
[Black "Wicht, Juergen"]
[Result "0-1"]
[WhiteElo "2220"]
[BlackElo "2085"]

1.d4 f5 2.Nf3 g6 3.g3 Bg7 4.Bg2 Nf6 5.O-O O-O 6.c4 d6 7.Nc3 Qe8 8.b3 c6 9.Ba3 h6
10.Qd3 Qf7 11.Rae1 Re8 12.e4 fxe4 13.Nxe4 Nxe4 14.Rxe4 Bf5 15.Nh4 d5 16.cxd5 cxd5
17.Nxf5 dxe4 18.Bxe4 gxf5 19.Bxb7 Nd7 20.Qb5 Rad8 21.Bc6 e6 22.d5 e5 23.d6 Kh8
24.Qb7 Rf8 25.Rc1 f4 26.Bd5 Qf6 27.Qxa7 fxg3 28.hxg3 e4 29.Rc4 Ne5 30.Rxe4 Nf3+
31.Kg2 Qa1 32.Rf4 Rxf4 33.gxf4 Nh4+ 34.Kh3 Ng6 35.Qf7 Qf1+ 36.Kg3 Qd3+ 37.Bf3 Rf8
38.Qc4 Nxf4 39.Qxd3 Nxd3 40.d7 Rd8 41.Bg4 Bf8 42.Bxf8 Rxf8 43.a4 Kg7 44.a5 Kf6
45.Be2 Nb4 46.f4 Ke7 47.Bb5 Rf5 48.Bc4 Rxa5 49.Kg4 Kxd7 50.f5 Ke7  0-1

[Event "Eger"]
[Site "Eger"]
[Date "1995.??.??"]
[Round "?"]
[White "Baum, Bernd"]
[Black "Titz, Heimo"]
[Result "1/2-1/2"]
[WhiteElo "2245"]
[BlackElo "2345"]

1.d4 f5 2.Nf3 Nf6 3.g3 g6 4.Bg2 Bg7 5.O-O O-O 6.c4 d6 7.Nc3 Nc6 8.d5 Ne5
9.Nxe5 dxe5 10.Qb3 e6  1/2-1/2

[Event "Eger Cup"]
[Site "Eger"]
[Date "1995.??.??"]
[Round "?"]
[White "Gal, Sandor"]
[Black "Hevesi, Zoltan"]
[Result "1/2-1/2"]
[WhiteElo "2290"]
[BlackElo "2200"]

1.d4 f5 2.g3 g6 3.Bg2 Nf6 4.Nf3 Bg7 5.O-O O-O 6.c4 d6 7.Nc3 Nc6 8.d5 Na5
9.Nd2 c5 10.Rb1 a6 11.a3 Ng4 12.Qc2 Ne5 13.b3 Rb8 14.f4 Ng4 15.b4 cxb4 16.axb4 Ne3
17.Qd3 Nxf1 18.Nxf1 b5 19.bxa5 bxc4 20.Qxc4 Rxb1 21.Nxb1 Qxa5 22.Be3 Bd7
23.Bf3 Rc8 24.Qb3 Kf7 25.h3 Ba4 26.Qb7 Rc2  1/2-1/2

[Event "Catalunya-chT"]
[Site "ESP"]
[Date "1995.??.??"]
[Round "?"]
[White "Gual Pascual, Antonio"]
[Black "Tejero, Jorge"]
[Result "1-0"]
[WhiteElo "2355"]
[BlackElo "2290"]

1.d4 f5 2.g3 Nf6 3.Bg2 g6 4.Nf3 Bg7 5.O-O O-O 6.c4 d6 7.Nc3 Qe8 8.d5 Na6
9.Rb1 Bd7 10.b4 c6 11.dxc6 bxc6 12.Nd4 Rd8 13.b5 cxb5 14.cxb5 Nc5 15.Nc6 Bxc6
16.bxc6 Kh8 17.Be3 Ng4 18.Bxc5 dxc5 19.Qc2 Ne5 20.c7 Rc8 21.Rb7 Nc6 22.Qa4 Nb4
23.Qxe8 Rfxe8 24.Nb5 Be5 25.Rxa7  1-0

[Event "Finkenstein op"]
[Site "Finkenstein"]
[Date "1995.??.??"]
[Round "2"]
[White "Kragelj, Igor"]
[Black "Sandhu, Mario"]
[Result "1/2-1/2"]
[WhiteElo "2245"]
[BlackElo "2010"]

1.d4 f5 2.g3 Nf6 3.Bg2 g6 4.Nf3 Bg7 5.O-O O-O 6.c4 d6 7.Nc3 Qe8 8.d5 Na6
9.Rb1 Bd7 10.b4 c6 11.dxc6 bxc6 12.a3 Nc7 13.a4 Ne4 14.Nxe4 fxe4 15.Ne1 Bf5
16.Nc2 Qd7 17.b5 cxb5 18.axb5 Ne6 19.Be3 Rac8 20.Qd5 Kh8 21.Bxe4 Bxe4 22.Qxe4 Nc5
23.Bxc5 Rxc5 24.Ne3 Re5 25.Qg2 Bh6 26.Rb3 Qe6 27.Ra3 Bxe3  1/2-1/2

[Event "Frydek-Mistek op"]
[Site "Frydek-Mistek"]
[Date "1995.??.??"]
[Round "?"]
[White "Istvandi, Lajos"]
[Black "Petrienko, Vladimir"]
[Result "1-0"]
[WhiteElo "2335"]
[BlackElo "2465"]

1.d4 f5 2.g3 g6 3.Bg2 Bg7 4.Nf3 Nf6 5.O-O O-O 6.c4 d6 7.Nc3 Qe8 8.b3 Na6
9.Ba3 c6 10.Qc2 Rb8 11.Rac1 b5 12.cxb5 cxb5 13.Bb2 e5 14.dxe5 dxe5 15.Rfd1 e4
16.Nd4 Bd7 17.b4 Qf7 18.a3 Nc7 19.Na4 Ncd5 20.Nc5 Rbc8 21.Qb3 Kh8 22.e3 Nb6
23.Qxf7 Rxf7 24.Bf1 Nc4 25.Bxc4 bxc4 26.Rxc4 Ng4 27.Rdc1 Ne5 28.R4c2 Kg8
29.Kg2 Re7 30.Rd2 Rce8 31.Ne2 Bc8 32.Bxe5 Bxe5 33.Nd4 Rc7 34.Rcd1 Kf7 35.Nb5 Rce7
36.Nd6+ Bxd6 37.Rxd6 Rc7 38.h4 a5 39.h5 axb4 40.axb4 Be6 41.hxg6+ hxg6 42.g4 Bc4
43.Rh1 Kg7 44.gxf5 gxf5 45.Rhh6 Rb8 46.Rb6 Bf7 47.Kg3 Ra8 48.Ne6+ Bxe6 49.Rhxe6 Ra2
50.Rf6 Rb2 51.Rxf5 Rf7 52.Rxf7+ Kxf7 53.b5 Ke7 54.Rb8 Kd7 55.b6 Rb4  1-0

[Event "Troll Masters"]
[Site "Gausdal"]
[Date "1995.??.??"]
[Round "2"]
[White "Johansson, Per"]
[Black "Westerinen, Heikki MJ"]
[Result "0-1"]
[WhiteElo "2185"]
[BlackElo "2405"]

1.d4 f5 2.Nf3 Nf6 3.c4 g6 4.g3 Bg7 5.Bg2 O-O 6.O-O d6 7.Nc3 Qe8 8.Nd5 Nxd5
9.cxd5 Qb5 10.Ng5 c6 11.Qb3 Qxb3 12.axb3 Bxd4 13.Ra4 c5 14.Ne6 Bxe6 15.dxe6 Nc6
16.Bg5 Bf6 17.Bxf6 Rxf6 18.Rfa1 Rc8 19.Bxc6 Rxc6 20.Rxa7 Rb6 21.Ra8+ Kg7
22.R1a3 Rxe6 23.e3 Re4 24.Re8 Kf6 25.Rh8 h5 26.Rf8+ Ke5 27.Rg8 Reb4 28.Rxg6 Rxb3
29.Ra8 Rxb2 30.Re8 Ke4 31.Rxe7+ Kf3 32.h4 Rxf2  0-1

[Event "GER-ch U20 qual3"]
[Site "?"]
[Date "1995.??.??"]
[Round "3"]
[White "Kojoukhar, Alexandre"]
[Black "Hetey, Laszlo"]
[Result "1/2-1/2"]
[WhiteElo "2200"]
[BlackElo "2275"]

1.d4 f5 2.g3 Nf6 3.Bg2 g6 4.Nf3 Bg7 5.O-O O-O 6.c4 d6 7.Nc3 Qe8 8.d5 Na6
9.Rb1 c5 10.dxc6 bxc6 11.b4 Bd7 12.b5 cxb5 13.cxb5 Nc5 14.a4 Rc8 15.Be3 a6
16.Bxc5 Rxc5 17.Qb3+ Qf7 18.bxa6 Qxb3 19.Rxb3 Be6 20.Ra3 Ne4 21.Nb5 Bb2 22.Re3 Ba2
23.Nfd4 Rc4 24.Ne6 Rfc8 25.a7 Rxa4 26.Nec7 Rxa7 27.Nxa7 Rxc7 28.Bxe4 fxe4
29.Nb5 Rc5 30.Na3 d5 31.Nb1 Kg7 32.g4 Rc2 33.Na3 Rc5 34.Nb1 h6 35.Rd1 Kf6
36.Nd2 Rc2 37.Nf1 Bc1 38.Rh3 Bc4 39.e3 Kg5 40.Rg3 e6 41.Kg2 Be2 42.Re1 Bb2
43.h4+ Kxh4 44.Nh2 Kg5 45.f4+ exf3+ 46.Nxf3+ Bxf3+ 47.Kxf3 Be5 48.Rh3 Bd6
49.Rhh1 e5 50.e4 dxe4+ 51.Rxe4 Rd2 52.Rhe1 Bc7 53.R1e2 Rd5 54.Re1 Kf6 55.Rh1 Kg5
56.Rhe1 Rd3+ 57.R1e3 Rd7 58.Re1 Rf7+ 59.Kg3 Bb8 60.R1e2 Rf1 61.Rf2 Rg1+ 62.Rg2 Rd1
63.Rge2 Rd3+ 64.Kg2 Kh4 65.Re1 Rg3+ 66.Kf2 Ba7+ 67.Ke2 Rg2+ 68.Kd3 Bd4 69.Rh1+ Kg5
70.Rh3 Rg1 71.Ke2 Ra1 72.Rd3 Kh4 73.Rd2 Rg1 74.Kd3 Kg3 75.Kc4 Rc1+ 76.Kd5 Rc3
77.Rd1 Rc5+ 78.Kd6 Rc2 79.Rh1 Kf3 80.Rxe5 Bxe5+ 81.Kxe5 Kxg4 82.Rg1+ Kf3
83.Rxg6 h5 84.Rf6+ Ke3  1/2-1/2

[Event "GER-ch U20 qual3"]
[Site "?"]
[Date "1995.??.??"]
[Round "6"]
[White "Naumann, Alexander"]
[Black "Hetey, Laszlo"]
[Result "1/2-1/2"]
[WhiteElo "2320"]
[BlackElo "2275"]

1.d4 f5 2.Nf3 Nf6 3.g3 g6 4.Bg2 Bg7 5.O-O O-O 6.c4 d6 7.Nc3 Qe8 8.d5 Na6
9.Rb1 Bd7 10.b4 c5 11.dxc6 bxc6 12.a3 h6 13.Nd2 g5 14.Nb3 Ng4 15.Qc2 f4 16.Ne4 Qg6
17.Qa2 Bf5 18.Nbd2 fxg3 19.Nxg3 Bxb1 20.Qxb1 Qxb1 21.Nxb1 Ne5 22.Nd2 Rad8
23.Nb3 Nxc4 24.Bxc6 Nc7 25.Be4 e6 26.h4 d5 27.Bb1 Be5 28.Nh5 Bf4 29.e3 Bd6
30.hxg5 hxg5 31.Nd4 Kf7 32.e4 Rh8 33.Ng3 Bf4 34.exd5 Rxd5 35.Nf3 Ne5 36.Nxe5+ Bxe5
37.Be3 Nb5 38.Ba2 Rd7 39.Ne4 Bf4 40.Nc5 Rd6 41.Re1 Bxe3 42.Rxe3 Rd1+ 43.Kg2 Nd4
44.Nxe6 Nxe6 45.Rxe6 Kf8 46.Ra6 Rh7  1/2-1/2

[Event "BL2-N9495"]
[Site "Germany"]
[Date "1995.??.??"]
[Round "?"]
[White "Panzer, Peter"]
[Black "Kalinitschew, Sergey"]
[Result "1/2-1/2"]
[WhiteElo "2380"]
[BlackElo "2465"]

1.Nf3 f5 2.d4 Nf6 3.g3 g6 4.Bg2 Bg7 5.O-O O-O 6.c4 d6 7.Nc3 c6 8.d5 e5 9.dxe6 Bxe6
10.b3 Na6 11.Bb2 Qe7 12.Ng5 Bd7 13.Qd2 Rad8 14.Rad1 Bc8 15.Rfe1 h6 16.Nh3 Nc5
17.f4 Nfe4 18.Nxe4 Nxe4 19.Qc2 Rfe8 20.e3 Be6 21.Nf2 d5 22.Nxe4 dxe4 23.Bxg7 Kxg7
24.Rxd8 Rxd8 25.Rd1 c5 26.Qc3+ Kf7 27.Rxd8 Qxd8 28.Bf1 b6 29.Be2 h5 30.h4 Qb8
31.Kf2 Ke7 32.Ke1 Bf7 33.Kd2 Qd6+ 34.Kc2 a6 35.a4 Qf6  1/2-1/2

[Event "BL2-W9495"]
[Site "Germany"]
[Date "1995.??.??"]
[Round "?"]
[White "Osieka, Udo"]
[Black "Polster, Wolfgang"]
[Result "1/2-1/2"]
[WhiteElo "2325"]
[BlackElo "2250"]

1.Nf3 f5 2.g3 Nf6 3.Bg2 g6 4.O-O Bg7 5.c4 O-O 6.d4 d6 7.Nc3 c6 8.d5 Nh5 9.Nd4 c5
10.Nc2 Nd7 11.e3 Bxc3 12.bxc3 Nhf6 13.Qe2 Qa5 14.a4 Nb6 15.Bd2 Ne4 16.Be1 Bd7
17.f3 Nf6 18.h3 Nxa4 19.e4 fxe4 20.fxe4 Qc7 21.g4 a6 22.e5 dxe5 23.Bg3 Rae8
24.Bxe5 Qc8 25.Ne3 b5 26.Qd2 Qd8 27.cxb5 axb5 28.c4 bxc4 29.g5 c3 30.Qe2 Qb6
31.Kh1 Bb5 32.Qc2 Nd7 33.Rxf8+ Rxf8 34.Bxc3 Nxc3 35.Qxc3 Be2 36.Re1 Bh5 37.Nc4 Qb4
38.Qxb4 cxb4 39.Rxe7 Rf7 40.Re8+ Rf8 41.Re7 Rf7 42.Re3 Nc5 43.d6 Kf8 44.Re5 Rf5  1/2-1/2

[Event "NRW-Liga I 9495"]
[Site "Germany"]
[Date "1995.??.??"]
[Round "?"]
[White "Wehmeier, Stefan"]
[Black "Van Mil, Johannes A J"]
[Result "0-1"]
[WhiteElo "2325"]
[BlackElo "2490"]

1.d4 f5 2.c4 Nf6 3.g3 g6 4.Bg2 Bg7 5.Nf3 O-O 6.O-O d6 7.Nc3 Nc6 8.d5 Na5
9.Nd2 c5 10.Qc2 e5 11.dxe6 Bxe6 12.Nd5 Nc6 13.a3 Rc8 14.Rb1 Qe8 15.e3 b6
16.Rd1 Ne5 17.b3 Nxd5 18.cxd5 Bd7 19.Bb2 c4 20.Rdc1 cxb3 21.Qxb3 Rxc1+ 22.Bxc1 Ba4
23.Qa2 Qc8 24.Nb3 Qc4 25.Bd2 Nd3 26.Bf1 Kh8 27.Nc1 Qxa2 28.Nxa2 Bc2 29.Bxd3 Bxd3
30.Rc1 Be4 31.Rc7 Bxd5 32.Nc3 Bf3 33.Nb5 a6 34.Nxd6 Kg8 35.Kf1 Rd8 36.Rc8 Rxc8
37.Nxc8 b5 38.Bb4 Kf7 39.a4 bxa4 40.Nb6 Bc6 41.Ke2 Ke6 42.Kd2 Bb5 43.Kc2 Be5
44.Nc8 Bc7 45.h4 Bd7 46.Ne7 Bd8 47.Ng8 Kf7 48.Nh6+ Kg7 49.Nxf5+ gxf5  0-1

[Event "BL2-N9495"]
[Site "Germany"]
[Date "1995.??.??"]
[Round "?"]
[White "Hegeler, Frank"]
[Black "Hetey, Laszlo"]
[Result "0-1"]
[WhiteElo "2225"]
[BlackElo "2275"]

1.d4 f5 2.Nf3 Nf6 3.g3 g6 4.Bg2 Bg7 5.O-O O-O 6.c4 d6 7.Nc3 Qe8 8.d5 Na6
9.Rb1 c5 10.dxc6 bxc6 11.b4 Bd7 12.b5 cxb5 13.cxb5 Nc5 14.a4 Rc8 15.Nd4 Nfe4
16.Nxe4 Nxe4 17.Bb2 a6 18.Qb3+ Qf7 19.Bxe4 fxe4 20.bxa6 Rc4 21.a7 Rxa4 22.Qb7 Bh3
23.Nc6 Bxf1 24.Nxe7+ Kh8 25.Bxg7+ Kxg7 26.Qb2+ Qf6 27.Qxf6+ Kxf6 28.Nd5+ Ke5
29.Kxf1 Rxa7 30.Ne3 Raf7 31.Ke1 h5 32.Rb5+ Ke6 33.Rg5 Rxf2 34.Rxg6+ R2f6
35.Rxf6+  0-1

[Event "BL9596 (Women)"]
[Site "Germany"]
[Date "1995.??.??"]
[Round "?"]
[White "Heyme, Sibylle"]
[Black "Lewandowska, Katarzyna"]
[Result "1/2-1/2"]
[WhiteElo "2140"]
[BlackElo "2035"]

1.Nf3 f5 2.g3 Nf6 3.Bg2 g6 4.O-O Bg7 5.d4 O-O 6.c4 d6 7.Nc3 Nc6 8.b3 e5 9.dxe5 dxe5
10.Ba3 e4 11.Bxf8 Qxf8 12.Nd4 Nxd4 13.Qxd4 Be6 14.Qd2 Ng4 15.Rad1 c6 16.Na4 e3
17.fxe3 Bh6 18.Rf4 Re8 19.h3 Nf6 20.Qd6 Qxd6 21.Rxd6 Bxf4 22.exf4 Ne4 23.Rd3 Kf7
24.Re3 Nf6 25.Nc5 Re7 26.Nxe6 Rxe6 27.Rxe6 Kxe6 28.Kf2 Kd6 29.Ke3 Kc5 30.a3 a5
31.Kd3 Nh5 32.Bf3 Nxg3 33.Kc3 Nf1 34.b4+ axb4+ 35.axb4+ Kd6 36.Kd4 b6 37.c5+ bxc5+
38.bxc5+ Kd7 39.Ke5 Nd2 40.Kf6 Nb3 41.Kg7 Nxc5 42.Kxh7 Ne6 43.Kxg6 Nxf4+
44.Kxf5 Nxh3 45.Bxc6+  1/2-1/2

[Event "BL2-S9495"]
[Site "Germany"]
[Date "1995.??.??"]
[Round "?"]
[White "Pachman, Ludek"]
[Black "Sieglen, Joachim"]
[Result "1/2-1/2"]
[WhiteElo "2340"]
[BlackElo "2405"]

1.Nf3 f5 2.g3 Nf6 3.Bg2 g6 4.O-O Bg7 5.c4 O-O 6.d4 d6 7.b3 e5 8.dxe5 Ng4
9.Bb2 Nc6 10.Nc3 dxe5 11.Qxd8 Rxd8 12.Nb5 Rd7 13.Rad1 e4 14.Rxd7 Bxd7 15.Bxg7 Kxg7
16.Rd1 Nf6 17.Ng5 Rc8 18.f3 h6 19.Nh3 a6 20.Nc3 exf3 21.exf3 Rd8 22.f4 Be8  1/2-1/2

[Event "Goch op 6th"]
[Site "Goch"]
[Date "1995.??.??"]
[Round "3"]
[White "Woller, Rainer"]
[Black "Gross, K."]
[Result "1/2-1/2"]
[WhiteElo "2230"]
[BlackElo "2010"]

1.d4 f5 2.Nf3 Nf6 3.g3 g6 4.Bg2 Bg7 5.O-O O-O 6.c4 d6 7.Nc3 Qe8 8.d5 a5 9.Rb1 Na6
10.b3 h6 11.Nd4 Nc5 12.Bb2 Bd7  1/2-1/2

[Event "Goch op 6th"]
[Site "Goch"]
[Date "1995.??.??"]
[Round "7"]
[White "Eitel, Philipp"]
[Black "Ennenbach, Ralph"]
[Result "1/2-1/2"]
[WhiteElo "2040"]
[BlackElo "2245"]

1.c4 f5 2.Nf3 Nf6 3.g3 g6 4.Bg2 Bg7 5.O-O O-O 6.d4 d6 7.Nc3 c6 8.d5 Bd7 9.Nd4 Qe8
10.Rb1 Na6 11.e3 Nc7 12.b4 e5 13.dxe6 Nxe6 14.b5 Ne4 15.Nxe4 fxe4 16.Ba3 Nc5
17.bxc6  1/2-1/2